22-й выпуск воспитанниц Полтавского епархиального женского училища. 12 июня 1894 года

RUSMARC
00004875cac2a2200000 x 450
001fd561369-fe72-406d-abc1-03a88caf996c
00520160513114800.0
100##$a20160215l18941894k l0rusy0189 ca
1010#$arus
102##$aRU
2001#$a22-й выпуск воспитанниц Полтавского епархиального женского училища. 12 июня 1894 года
251##$cДело
300##$aИз "Полтавских епархиальных ведомостей" № 13-14, 1894 год
801#0$aRU
$bРГИА
$c20160215
$gRCR
801#1$aRU
$bГлавНИВЦ
$c20160215
$2rusmarc
801#2$aRU
$bПБ им. Б.Н. Ельцина
$c20160328
$gRCR
$2rusmarc
850##$aРГИА
852##$aРГИА
$eФедеральное казенное учреждение "Российский государственный исторический архив" (РГИА)
$j2458
937##$hРГИА
$d12201262
$aASBIBLIO_SCAN
215##$a23 с.
$d23х15,5 см
105##$ay###
1222#$ad
2101#$aПолтава
$cТипо-литография Л. Т. Фришберга
$d1894
461#0$10012640edd5-2044-417d-b282-4ec02c959e00
$12001
$aДублетный фонд НСБ
$1251
$cФонд
$1852
$j0
462#0$100101f3c915-c163-4bd9-8823-fd1c871481a4
$12001
$aДублетный фонд Библиотеки
$vД. 2458
$1251
$cОпись
$1852
$j1
$lД
035##$afd561369-fe72-406d-abc1-03a88caf996c
60102$aПолтавское епархиальное женское училище
$2prlib_sh
$3LIBNET\UAF\0000062816
605##$2acquisition_Prlib
$3DITM\AF\0000003834
$aНарод
$lколлекция
605##$2acquisition_prlib
$3LIBNET\UAF\0000061920
$aСинод в истории российской государственности
$lколлекция
686##$2rubbk
$a86.372.24-674.73
$vLBC/M
686##$2rubbk
$a74.03(2)5
$vLBC/M
53211$aДвадцать второй выпуск воспитанниц Полтавского епархиального женского училища. 12 июня 1894 года
8564#$uhttp://www.prlib.ru/Lib/pages/item.aspx?itemid=138223
Формат отображения